| 000 | 00534cam a22002171 4500 | ||
|---|---|---|---|
| 001 | sa 68006525 | ||
| 003 | DLC | ||
| 005 | 20260227112517.0 | ||
| 008 | 890514s1967 xx 000 0 urdo | ||
| 010 | _asa 68006525 | ||
| 035 | _a(OCoLC)23543054 | ||
| 040 |
_aDLC _cMiU _dDLC |
||
| 042 | _apremarc | ||
| 050 | 0 | 0 |
_aBP165 _b.A37 |
| 100 | 0 |
_aAhmad Said, _d1887-1959 |
|
| 245 | 1 | 0 | _aTaqārīr al-saʻīdain. |
| 260 | _c[1967] | ||
| 300 |
_a144 p. _b(p. 132-144 advertisements) _c19 cm. |
||
| 500 | _aRomanized. | ||
| 650 | 0 | _aIslam. | |
| 999 |
_c81360 _d81360 |
||